|
|
|
|
| LEADER |
00000cam a2200000 7i4500 |
| 001 |
0000044524 |
| 005 |
20230125.0 |
| 008 |
150106 |
| 020 |
|
|
|a 9833797752
|
| 090 |
0 |
0 |
|a JF
|b MAL
|
| 100 |
1 |
|
|a Nani Ibrahim
|
| 245 |
1 |
0 |
|a Mari kita sayangi ibu bapa
|c Nani Ibrahim
|
| 260 |
|
|
|a Selangor :
|b Pintar Firus Sdn Bhd Publisher ,
|c 2014
|
| 490 |
1 |
|
|a Didikan moral dalam islam
|
| 650 |
|
0 |
|a Malay fiction
|
| 650 |
|
0 |
|a Pendidikan moral
|x Malay...
|
| 999 |
|
|
|a 0001317933
|b Book
|c Children Collection
|e Cawangan Tmn. Ungku Tun Aminah
|
| 999 |
|
|
|a 0001317935
|b Book
|c Children Collection
|e Cawangan Bukit Gambir
|
| 999 |
|
|
|a 0001317936
|b Book
|c Children Collection
|e Cawangan Taman Universiti
|
| 999 |
|
|
|a 0001317937
|b Book
|c Children Collection
|e Cawangan Mersing
|
| 999 |
|
|
|a 0001317938
|b Book
|c Children Collection
|e Cawangan Bandar Penawar
|
| 999 |
|
|
|a 0001317939
|b Book
|c Children Collection
|e Cawangan Pontian
|
| 999 |
|
|
|a 0001317941
|b Book
|c Children Collection
|e Cawangan Segamat
|
| 999 |
|
|
|a 0001317943
|b Book
|c Children Collection
|e Cawangan Taman Sri Lambak
|
| 999 |
|
|
|a 0001317944
|b Book
|c Children Collection
|e Cawangan Muar
|
| 999 |
|
|
|a 0001317945
|b Book
|c Children Collection
|e Cawangan Tangkak
|
| 999 |
|
|
|a 0001320693
|b Book
|c Children Collection
|e Perbadanan Perpustakaan Awam Johor
|
| 999 |
|
|
|a 000132069
|b Book
|c Children Collection
|e Perbadanan Perpustakaan Awam Johor
|